000 01410nam a2200277Ia 4500
999 _c54466
_d54466
001 21528
003 GE_BSU
005 20220617141504.0
008 181216s2017||||ge |||||||||||||| ||geo||
020 _a9789941954122
040 _cGE_BSU
041 _ageo
080 _a339.727.22 ქ-69
100 _aქოქიაური, ლამარა
_93369
245 _aუცხოური ინვესტიციები : [მონოგრაფია] /
_cლამარა ქოქიაური, მეცნ. რედ: ი. ხოზრევანიძე, ვ. ჭარაია.
264 _aთბილისი :
_b[?],
_c2017.
300 _a836 გვ. ;
_c26 სმ.
504 _aბიბლიოგრაფია გვ. : 834-836 ბიბლიოგრ. თავების ბოლოს.
546 _aთავფურცლის მე-3 გვერდი ინგლ. ენაზე.
653 _aეკონომიკა
653 _aუცხოური ინვესტიციები
653 _aუცხოური ინვესტიციები საქართველოში.
700 _aხოზრევანიძე, ი.
_eმეცნიერ - რედაქტორი
_913126
700 _aჭარაია, ვ.
_eმეცნიერ - რედაქტორი
_913127
942 _cBK
_2udc